LEADER 01128nam2-2200337---450- 001 990003539110203316 005 20110610122933.0 010 $a88-243-1913-0 035 $a000353911 035 $aUSA01000353911 035 $a(ALEPH)000353911USA01 035 $a000353911 100 $a20110610d2009----km-y0itay50------ba 101 $aita 102 $aIT 105 $ay|||||||001yy 200 1 $a<<1:>> Dalle prime forme di risparmio alla Costituzione del '48$fMariangela Atripaldi 210 $aNapoli$cJovene$d2009 215 $aXI, 297 p.$d24 cm 461 0$1001000353910$12001$a<> risparmio finalizzato agli investimenti socialmente rilevanti nell'ordinamento italiano 606 0 $aCasse di risparmio [e] Mutue$xLegislazione$2BNCF 676 $a346.4508221$v22 700 1$aATRIPALDI,$bMariangela$0610133 801 0$aIT$bsalbc$gISBD 912 $a990003539110203316 951 $aXXV.3.F. 156 1$b66811 G.$cXXV.3.F.$d00297056 959 $aBK 969 $aGIU 979 $aCHIARA$b90$c20110610$lUSA01$h1229 996 $aDalle prime forme di risparmio alla Costituzione del '48$91113611 997 $aUNISA LEADER 02029nam 2200577 a 450 001 9910457688603321 005 20200520144314.0 010 $a1-61668-888-2 035 $a(CKB)2550000000059451 035 $a(EBL)3019971 035 $a(SSID)ssj0000569881 035 $a(PQKBManifestationID)12179029 035 $a(PQKBTitleCode)TC0000569881 035 $a(PQKBWorkID)10587166 035 $a(PQKB)10454721 035 $a(MiAaPQ)EBC3019971 035 $a(Au-PeEL)EBL3019971 035 $a(CaPaEBR)ebr10674979 035 $a(OCoLC)923662357 035 $a(EXLCZ)992550000000059451 100 $a20100322d2010 uy 0 101 0 $aeng 135 $aur|n|---||||| 181 $ctxt 182 $cc 183 $acr 200 00$aRecent advances in BIS guided TCI anesthesia$b[electronic resource] /$fDavid A. Ferreira ... [et al.] 210 $aNew York $cNova Science Publishers$dc2010 215 $a1 online resource (78 p.) 225 1 $aAdvances in biology and medicine 300 $aDescription based upon print version of record. 311 $a1-61668-627-8 320 $aIncludes bibliographical references and index. 327 $aMechanisms for cerebral autoregulation -- Total intravenous anesthesia and target controlled infusion -- Electroencephalogram (EEG) and the bispectral index of the EEG (BIS) -- Opioids-remifentanil -- Propofol. 410 0$aAdvances in biology and medicine series. 606 $aAnesthetics$xAdministration$xAutomatic control 606 $aAnesthesia$xData processing 606 $aPatient monitoring 608 $aElectronic books. 615 0$aAnesthetics$xAdministration$xAutomatic control. 615 0$aAnesthesia$xData processing. 615 0$aPatient monitoring. 676 $a617.9/6 701 $aFerreira$b David A$0969439 801 0$bMiAaPQ 801 1$bMiAaPQ 801 2$bMiAaPQ 906 $aBOOK 912 $a9910457688603321 996 $aRecent advances in BIS guided TCI anesthesia$92202999 997 $aUNINA